000 00550nam a2200157Ia 4500
008 220216s9999 xx 000 0 und d
100 _aSatisha G.C.
245 0 _aAssessment of soil-site characteristics for suitability of rubber cultivation in per humid Tropic of Mizoram
260 _bNational Seminar on Strategies for Agricultural Research in North East, 1999, Shillong, India, pp. 47.
_c1999
650 _aMizoram
650 _aRubber cultivation
650 _aSoil analysis
700 _aDey S.K.
700 _aVarghese Y.A.
942 _cBS
999 _c52896
_d52896